Donkey Kong Bananza Layers 🍌 - Statistics

General Stats
  • This quiz has been taken 55 times
    50 since last reset
  • The average score is 13 of 18
Answer Stats
Hint Answer % Correct
Sublayer 600-602 Forest Layer
89%
Sublayer 100-102 Lagoon Layer
89%
Sublayer 300-302 Canyon Layer
81%
Sublayer 500-503 Freezer Layer
81%
Sublayer 1400-1401 Feast Layer
75%
Sublayer 1-10 Ingot Isle
75%
Sublayer 1600-1609 Planet Core
75%
Sublayer 400 The Divide
72%
DLC DK Island
69%
Sublayer 900-902 Tempest Layer
69%
Sublayer 1000-1001 Landfill Layer
67%
Sublayer 1500 Forbidden Layer
64%
Sublayer 200 Hilltop Layer
64%
Sublayer 1200-1204 Radiance Layer
64%
Sublayer 800 Resort Layer
64%
Sublayer 1300 Groove Layer
58%
Sublayer 700 The Junction
58%
Sublayer 1100 Racing Layer
53%
No matching quizzes found
Score Distribution
Percent of People with Each Score
Percentile by Number Answered
Your Score History
You have not taken this quiz since the last reset